002220000a220007300045001000018000002450038000183000045000567730047001011 aBodner, Keith10aIs Joab a reader-response critic? aVol. 27, Núm 1 (2002), Páginas 19-350 tJournal for the Study of the Old Testament